El departamento de la Guajira : (Registro nro. 6290)

Detalles MARC
000 -LEADER
fixed length control field 01041nam a2200229Ia 4500
003 - CONTROL NUMBER IDENTIFIER
control field OSt
005 - DATE AND TIME OF LATEST TRANSACTION
control field 20201022170957.0
008 - FIXED-LENGTH DATA ELEMENTS--GENERAL INFORMATION
fixed length control field 191128s2010 ck aodbgr 000 0 spa d
040 ## - CATALOGING SOURCE
Original cataloging agency CO-JMCR
Transcribing agency CO-JMCR
041 0# - LANGUAGE CODE
Language code of text/sound track or separate title spa
082 04 - DEWEY DECIMAL CLASSIFICATION NUMBER
Classification number 986.117 /
Item number F852d
Edition number 23
110 1# - MAIN ENTRY--CORPORATE NAME
Corporate name or jurisdiction name as entry element Fundación Cerrejón para el Fortalecimiento Institucional de la Guajira
9 (RLIN) 11858
245 13 - TITLE STATEMENT
Title El departamento de la Guajira :
Remainder of title frente a los objetivos de desarrollo del milenio /
Statement of responsibility, etc. Fundación Cerrejón para el Fortalecimiento Institucional de la Guajira
260 ## - PUBLICATION, DISTRIBUTION, ETC.
Place of publication, distribution, etc. Riohacha :
Name of publisher, distributor, etc. Fundación Cerrejón ;
Date of publication, distribution, etc. 2010
300 ## - PHYSICAL DESCRIPTION
Extent 113 páginas :
Other physical details fotografías, gráficos y mapas a color ;
Dimensions 29 cm.
500 ## - GENERAL NOTE
General note Incluye notas a pie de página.
504 ## - BIBLIOGRAPHY, ETC. NOTE
Bibliography, etc. note Bibliografía: páginas 108-113.
505 0# - FORMATTED CONTENTS NOTE
Formatted contents note Contexto socioeconómico del Departamento de la Guajira -- La Guajira frente a los objetivos de desarrollo del milenio
650 14 - SUBJECT ADDED ENTRY--TOPICAL TERM
Topical term or geographic name entry element Historia económica Colombiana
9 (RLIN) 10913
651 #4 - SUBJECT ADDED ENTRY--GEOGRAPHIC NAME
Geographic name La Guajira (Colombia)
General subdivision aspecto socioeconómico
9 (RLIN) 11859
942 ## - ADDED ENTRY ELEMENTS (KOHA)
Source of classification or shelving scheme Dewey Decimal Classification
Koha item type Books
Existencias
Withdrawn status Lost status Source of classification or shelving scheme Damaged status Not for loan Collection code Home library Current library Date acquired Source of acquisition Full call number Barcode Date last seen Copy number Koha item type
    Dewey Decimal Classification     Non-fiction Biblioteca Pública José María del Castillo y Rada Biblioteca Pública José María del Castillo y Rada 04/15/2018 Donación 986.117 / F852d 430012322 05/16/2024 Ej.1 Books